000 00730nam a2200253Ia 4500
003 OSt
005 20220927105454.0
006 a|||||r|||| 00| 0
007 ta
008 220926b |||||||| |||| 00| 0 eng d
024 _a174546
037 _cReference Collections
040 _aRTL
_cRTL
_beng
041 _2eng
_aeng
082 _a"V2, 31p.P0, P.191-8/GD"
110 _a"INDIA, RAJYA SABHA"
_9372721
245 0 _aRajya Sabha
_b Official report
260 _aNew
_bDelhi Rajya Sabha Secretariat
_c2000
300 _a244p.
_ccm.
490 _v"Vol. 191, No. 8"
700 _a"INDIA, RAJYA SABHA"
_9372722
942 _h"V2, 31p.P0, P.191-8/GD"
_cCC
999 _c692689
_d692689